<?xml version="1.0" encoding="UTF-8"?>
<record
    xmlns:xsi="http://www.w3.org/2001/XMLSchema-instance"
    xsi:schemaLocation="http://www.loc.gov/MARC21/slim http://www.loc.gov/standards/marcxml/schema/MARC21slim.xsd"
    xmlns="http://www.loc.gov/MARC21/slim">

  <leader>01036nam a2200217Ia 4500</leader>
  <datafield tag="999" ind1=" " ind2=" ">
    <subfield code="c">40364</subfield>
    <subfield code="d">40364</subfield>
  </datafield>
  <controlfield tag="001">6972</controlfield>
  <controlfield tag="003">GE_BSU</controlfield>
  <controlfield tag="005">20190628200647.0</controlfield>
  <controlfield tag="008">181216s1974||||ge |||||||||||||| ||geo||</controlfield>
  <datafield tag="041" ind1=" " ind2=" ">
    <subfield code="a">geo</subfield>
  </datafield>
  <datafield tag="080" ind1=" " ind2=" ">
    <subfield code="a">621.825(083.74)  &#x10ED;-34</subfield>
  </datafield>
  <datafield tag="100" ind1=" " ind2=" ">
    <subfield code="a">&#x10ED;&#x10D4;&#x10DA;&#x10D8;&#x10EB;&#x10D4;, &#x10D3;. </subfield>
    <subfield code="9">3106</subfield>
  </datafield>
  <datafield tag="245" ind1=" " ind2=" ">
    <subfield code="a">&#x10E5;&#x10E3;&#x10E0;&#x10DD;&#x10D4;&#x10D1;&#x10D8; &#x10D0;&#x10DB;&#x10EB;&#x10E0;&#x10D0;&#x10D5;&#x10D4;&#x10D1;&#x10D8;&#x10E1;&#x10D0;&#x10D7;&#x10D5;&#x10D8;&#x10E1; (&#x10E1;&#x10E2;&#x10D0;&#x10DC;&#x10D3;&#x10D0;&#x10E0;&#x10E2;&#x10D4;&#x10D1;&#x10D8;,&#x10DC;&#x10DD;&#x10E0;&#x10DB;&#x10D0;&#x10DA;&#x10D4;&#x10D1;&#x10D8; &#x10D3;&#x10D0; &#x10D2;&#x10D0;&#x10D0;&#x10DC;&#x10D2;&#x10D0;&#x10E0;&#x10D8;&#x10E8;&#x10D4;&#x10D1;&#x10D8;&#x10E1; &#x10E2;&#x10D8;&#x10DE;&#x10D8;&#x10E3;&#x10E0;&#x10D8; &#x10DB;&#x10D0;&#x10D2;&#x10D0;&#x10DA;&#x10D8;&#x10D7;&#x10D4;&#x10D1;&#x10D8;)   </subfield>
    <subfield code="c">&#x10D3;. &#x10ED;&#x10D4;&#x10DA;&#x10D8;&#x10EB;&#x10D4; ;  &#x10D2;. &#x10ED;&#x10D4;&#x10DA;&#x10D8;&#x10EB;&#x10D4; ;  &#x10E0;&#x10D4;&#x10D3; :  &#x10D4;. &#x10D9;&#x10D8;&#x10E0;&#x10D5;&#x10D0;&#x10DA;&#x10D8;&#x10EB;&#x10D4;.</subfield>
  </datafield>
  <datafield tag="264" ind1=" " ind2=" ">
    <subfield code="a">&#x10D7;&#x10D1;&#x10D8;&#x10DA;&#x10D8;&#x10E1;&#x10D8; :</subfield>
    <subfield code="b">&#x10E1;&#x10DE;&#x10D8;, </subfield>
    <subfield code="c">1974.</subfield>
  </datafield>
  <datafield tag="300" ind1=" " ind2=" ">
    <subfield code="a">99 &#x10D2;&#x10D5; .:</subfield>
    <subfield code="b">&#x10D8;&#x10DA; ;</subfield>
    <subfield code="c">20 &#x10E1;&#x10DB;.</subfield>
  </datafield>
  <datafield tag="504" ind1=" " ind2=" ">
    <subfield code="a">&#x10D1;&#x10D8;&#x10D1;&#x10DA;&#x10D8;&#x10DD;&#x10D2;&#x10E0;.:&#x10D2;&#x10D5;.97</subfield>
  </datafield>
  <datafield tag="653" ind1=" " ind2=" ">
    <subfield code="a">&#x10E5;&#x10E3;&#x10E0;&#x10DD;&#x10D4;&#x10D1;&#x10D8; &#x10D0;&#x10DB;&#x10EB;&#x10E0;&#x10D0;&#x10D5;&#x10D4;&#x10D1;&#x10D8;&#x10E1;&#x10D0;&#x10D7;&#x10D5;&#x10D8;&#x10E1; </subfield>
  </datafield>
  <datafield tag="700" ind1=" " ind2=" ">
    <subfield code="a">&#x10ED;&#x10D4;&#x10DA;&#x10D8;&#x10EB;&#x10D4;,&#x10D2;.</subfield>
    <subfield code="9">3107</subfield>
  </datafield>
  <datafield tag="700" ind1=" " ind2=" ">
    <subfield code="a">&#x10D9;&#x10D8;&#x10E0;&#x10D5;&#x10D0;&#x10DA;&#x10D8;&#x10EB;&#x10D4;, &#x10D4;</subfield>
    <subfield code="e">&#x10E0;&#x10D4;&#x10D3;&#x10D0;&#x10E5;&#x10E2;&#x10DD;&#x10E0;&#x10D8;</subfield>
    <subfield code="9">3108</subfield>
  </datafield>
  <datafield tag="942" ind1=" " ind2=" ">
    <subfield code="c">BK</subfield>
    <subfield code="2">udc</subfield>
  </datafield>
  <datafield tag="952" ind1=" " ind2=" ">
    <subfield code="0">0</subfield>
    <subfield code="1">0</subfield>
    <subfield code="2">udc</subfield>
    <subfield code="4">0</subfield>
    <subfield code="6">62182508374_&#x10ED;34</subfield>
    <subfield code="7">0</subfield>
    <subfield code="9">44996</subfield>
    <subfield code="a">SPL</subfield>
    <subfield code="b">SPL</subfield>
    <subfield code="c">GEN</subfield>
    <subfield code="d">2018-12-17</subfield>
    <subfield code="g">1.00</subfield>
    <subfield code="o">621.825(083.74)  &#x10ED;-34</subfield>
    <subfield code="p">11131</subfield>
    <subfield code="r">2018-12-17</subfield>
    <subfield code="t">11131</subfield>
    <subfield code="w">2018-12-17</subfield>
    <subfield code="y">BK</subfield>
    <subfield code="z">1 &#x10DA;. 20 &#x10D7;.</subfield>
  </datafield>
  <datafield tag="952" ind1=" " ind2=" ">
    <subfield code="0">0</subfield>
    <subfield code="1">0</subfield>
    <subfield code="2">udc</subfield>
    <subfield code="4">0</subfield>
    <subfield code="6">62182508374_&#x10ED;34</subfield>
    <subfield code="7">0</subfield>
    <subfield code="9">44997</subfield>
    <subfield code="a">SPL</subfield>
    <subfield code="b">SPL</subfield>
    <subfield code="c">GEN</subfield>
    <subfield code="d">2018-12-17</subfield>
    <subfield code="g">1.00</subfield>
    <subfield code="o">621.825(083.74)  &#x10ED;-34</subfield>
    <subfield code="p">11132</subfield>
    <subfield code="r">2018-12-17</subfield>
    <subfield code="t">11132</subfield>
    <subfield code="w">2018-12-17</subfield>
    <subfield code="y">BK</subfield>
    <subfield code="z">1 &#x10DA;. 20 &#x10D7;.</subfield>
  </datafield>
  <datafield tag="952" ind1=" " ind2=" ">
    <subfield code="0">0</subfield>
    <subfield code="1">0</subfield>
    <subfield code="2">udc</subfield>
    <subfield code="4">0</subfield>
    <subfield code="6">62182508374_&#x10ED;34</subfield>
    <subfield code="7">0</subfield>
    <subfield code="9">44998</subfield>
    <subfield code="a">SPL</subfield>
    <subfield code="b">SPL</subfield>
    <subfield code="c">GEN</subfield>
    <subfield code="d">2018-12-17</subfield>
    <subfield code="g">1.00</subfield>
    <subfield code="o">621.825(083.74)  &#x10ED;-34</subfield>
    <subfield code="p">11133</subfield>
    <subfield code="r">2018-12-17</subfield>
    <subfield code="t">11133</subfield>
    <subfield code="w">2018-12-17</subfield>
    <subfield code="y">BK</subfield>
    <subfield code="z">1 &#x10DA;. 20 &#x10D7;.</subfield>
  </datafield>
</record>
